| Поле | Инд. | ПП | Название | Значение |
|---|---|---|---|---|
| Тип записи | a | |||
| Библиографический уровень | m | |||
| 001 | Контрольный номер | 07c04dfa8c4147049f2e1d105d8828cf | ||
| 005 | Дата корректировки | 20260414112707.1 | ||
| 020 | c | Цена, тираж | 0-80 | |
| 084 | a | Индекс другой классификации/Индекс ББК | Р1 | |
| 090 | a | Полочн. индекс | Р1 | |
| c | Каталожный индекс | Р1 | ||
| x | Авторский знак | Г 65 | ||
| 097 | b | Оператор | Андреева | |
| 100 | 1_ | a | Автор | Гончаров И. А. |
| q | Полное имя | Гончаров Иван Александрович | ||
| 245 | 10 | a | Заглавие | Собрание сочинений |
| b | Продолж. заглавия | в шести томах | ||
| p | Название части/ раздела | Фрегат "Паллада". Т. 1 | ||
| n | Номер части/ раздела | Т. 2 | ||
| 260 | a | Место издания | Москва | |
| b | Издательство | Художественная литература | ||
| c | Дата издания | 1959 | ||
| 300 | a | Объем | 262 с. | |
| 650 | 04 | a | Основная рубрика | 4 |
| 900 | a | Имя макрообъекта | о308342 | |
| 901 | t | Тип документа | m |